000 00587nam a2200217 i 4500
001 109164
003 ES-MaACL
005 20230906184804.0
007 t|
008 061121s1955 sp r ||||1| spa d
100 1 _aMiró Bachs, A.
_981612
245 1 0 _aCien músicos célebres españoles /
_cA. Miró Bachs.
250 _a2ª ed.
260 _aBarcelona :
_bAve,
_c1955.
300 _a223 p., 6 lám. ;
_c16 cm.
490 1 _aMozart
650 4 _aMúsicos-
_zEspaña.
_9145555
830 0 _aMozart
_9184587
852 _aES-MaACL
_jC-10786
_bR.38035
999 _c109164
_d109164